Animal Crossing-Tous les fossiles - Statistiques

Statistiques générales
  • Ce quiz a été pris 10 fois
    9 depuis la dernière actualisation
  • Le résultat moyen est 16 sur 87
Statistiques - réponses
Fossile % Correct
Ambre
63%
Ammonite
50%
Australopithèque
50%
Corps de mammouth
50%
Corps de tricératops
50%
Crâne de diplodocus
50%
Crâne de mammouth
50%
Crâne de ptéranodon
50%
Crâne de stégosaure
50%
Crâne de tricératops
50%
Queue de tricératops
50%
Trilobite
50%
Aile droite de ptéranodon
38%
Aile gauche de ptéranodon
38%
Anomalocaris
38%
Coprolithe
38%
Corps de brachiosaure
38%
Corps de diplodocus
38%
Corps de spinosaure
38%
Corps de stégosaure
38%
Crâne de brachiosaure
38%
Crâne de spinosaure
38%
Queue de spinosaure
38%
Queue de stégosaure
38%
Corps de plésiosaure
25%
Corps de tyrannosaure rex
25%
Corps de vélociraptor
25%
Crâne d'ankylosaure
25%
Crâne de plésiosaure
25%
Crâne de smilodon (tigre à dents de sabre)
25%
Crâne de tyrannosaure rex
25%
Crâne de vélociraptor
25%
Crâne d'iguanodon
25%
Partie droite de mégacéros
25%
Partie gauche de mégacéros
25%
Queue d'ankylosaure
25%
Queue de smilodon (tigre à dents de sabre)
25%
Queue de tyrannosaure rex
25%
Queue d'iguanodon
25%
Torse d'iguanodon
25%
Archéopteryx
13%
Crâne de pachycéphalosaure
13%
Dunkleosteus
13%
Empreinte de dino
13%
Fossile de fougère
13%
Queue de pachycéphalosaure
13%
Torse d'ankylosaure
13%
Torse de pachycéphalosaure
13%
Torse de smilodon (tigre à dents de sabre)
13%
Acanthostéga
0%
Aile droite de quetzal
0%
Aile gauche de quetzal
0%
Corps d'apatosaure
0%
Corps d'archélon
0%
Corps de brontothérium
0%
Corps de deinonychus
0%
Corps de dimétrodon
0%
Corps de quetzal
0%
Corps de styracosaure
0%
Corps d'ichtyosaure
0%
Corps d'ophtalmosaure
0%
Cou de plésiosaure
0%
Cou de séismosaure
0%
Crâne d'apatosaure
0%
Crâne d'archelon
0%
Crâne de brontothérium
0%
Crâne de dimétrodon
0%
Crâne de parasauroluphus
0%
Crâne de quetzal
0%
Crâne de séismosaure
0%
Crâne de styracosaure
0%
Crâne d'ichtyosaure
0%
Crâne d'ophtalmosaure
0%
Dent de requin
0%
Hanche de séismosaure
0%
Homme de Pékin
0%
Juramaia
0%
Myllokunmingia
0%
Oeuf de dinosaure
0%
Queue d'apatosaure
0%
Queue de brontothérium
0%
Queue de dimétrodon
0%
Queue de parasauroluphus
0%
Queue de séismosaure
0%
Queue de styracosaure
0%
Torse de parasauroluphus
0%
Torse de séismosaure
0%
Aucun quiz correspondant
Distribution des résultats
% des personnes avec chaque résultat
Percentile par nombre de réponses
Votre historique - résultats
Vous n’avez pas pris ce quiz depuis la dernière actualisation